[Event "AUTO-ADV-2945"]
[Site "http://www.queenalice.com/game.php?id=1213067"]
[Date "2013.8.30"]
[Round "1"]
[White "nic92n"]
[Black "bernhar"]
[Result "0-1"]
[WhiteElo "1693"]
[BlackElo "1799"]

1. e4 e5 2. Nf3 d6 3. d4 Nf6 4. Nc3 Nc6 5. Bb5 Bd7 6. Bg5 Nxd4 7. Bxd7+ Qxd7 8.
Nxd4 exd4 9. Qxd4 Nh5 10. O-O Be7 11. Qd5 c6 12. Qd2 h6 13. Bxe7 Qxe7 14. Rad1
O-O 15. Qxd6 Qxd6 16. Rxd6 Rad8 17. Rfd1 Rxd6 18. Rxd6 Nf4 19. Rd7 Rb8 20. Na4
b5 21. Nc5 a5 22. Na6 Re8 23. f3 Ng6 24. Nc7 Re7 0-1

[Event "AUTO-ADV-2945"]
[Site "http://www.queenalice.com/game.php?id=1213080"]
[Date "2013.8.30"]
[Round "1"]
[White "DeoclecianoB"]
[Black "nic92n"]
[Result "1-0"]
[WhiteElo "1975"]
[BlackElo "1863"]

1. e4 d6 2. d4 Nf6 3. Nc3 e5 4. dxe5 dxe5 5. Qxd8+ Kxd8 6. Nf3 Nbd7 7. Bg5 c6 8.
O-O-O Ke7 9. Bc4 b5 10. Bxf6+ gxf6 11. Bd3 Bh6+ 12. Kb1 Nc5 13. h3 Be6 14. b3 a5
15. g4 a4 16. Nh4 axb3 17. axb3 Bxb3 18. cxb3 Nxb3 19. Nf5+ 1-0

[Event "AUTO-ADV-2945"]
[Site "http://www.queenalice.com/game.php?id=1213081"]
[Date "2013.8.30"]
[Round "1"]
[White "nic92n"]
[Black "DeoclecianoB"]
[Result "0-1"]
[WhiteElo "1790"]
[BlackElo "2032"]

1. e4 e5 2. Nf3 Nf6 3. Nxe5 d6 4. Nf3 Nxe4 5. d4 d5 6. Bd3 Nc6 7. c4 Bg4 8. Be3
Bb4+ 9. Bd2 Bxd2+ 10. Nbxd2 Nxd2 11. Qxd2 Bxf3 12. gxf3 dxc4 13. Bxc4 Qxd4 14.
Qxd4 Nxd4 15. O-O-O O-O-O 16. Bxf7 Nxf3 17. Be6+ Kb8 18. h3 Ng5 19. Bg4 Ne4 20.
Rhf1 Nc5 21. f3 Nd3+ 22. Kb1 Nf4 23. Rfe1 g6 24. Rxd8+ Rxd8 25. Re7 h5 26. Be6
c6 27. Bf7 Rd3 0-1

[Event "AUTO-ADV-2945"]
[Site "http://www.queenalice.com/game.php?id=1213090"]
[Date "2013.8.30"]
[Round "1"]
[White "nic92n"]
[Black "Aspayne"]
[Result "1-0"]
[WhiteElo "1780"]
[BlackElo "2019"]

1. e4 Nf6 2. e5 Nd5 3. d4 d6 4. exd6 exd6 5. c4 Nb6 6. Nc3 Nc6 7. Nf3 Bg4 8. Bd3
Nxd4 9. h3 Nxf3+ 10. gxf3 Be6 11. b3 Be7 12. Bb2 Bf6 13. Qc2 h6 14. O-O-O Qd7
15. Ne4 Bxb2+ 16. Qxb2 O-O-O 17. Qxg7 Bxh3 18. Nf6 Qe6 19. Rde1 1-0

[Event "AUTO-ADV-2945"]
[Site "http://www.queenalice.com/game.php?id=1213091"]
[Date "2013.8.30"]
[Round "1"]
[White "Aspayne"]
[Black "nic92n"]
[Result "1-0"]
[WhiteElo "2019"]
[BlackElo "1810"]

1. e4 d6 2. d4 Nf6 3. Bd3 e5 4. Ne2 Nbd7 5. O-O Be7 6. Nbc3 O-O 7. f4 exd4 8.
Nxd4 Nc5 9. Nd5 Nxd3 10. Qxd3 Be6 11. Nxe7+ Qxe7 12. Bd2 Rfe8 13. Rae1 c5 14.
Nf3 Rab8 15. e5 Nd5 16. f5 Bd7 17. Qxd5 Bc6 18. Qxd6 1-0

[Event "AUTO-ADV-2946"]
[Site "http://www.queenalice.com/game.php?id=1213267"]
[Date "2013.8.31"]
[Round "1"]
[White "Lopesq"]
[Black "nic92n"]
[Result "1-0"]
[WhiteElo "1729"]
[BlackElo "1815"]

1. d4 d5 2. Nf3 Nf6 3. c3 Bg4 4. Nbd2 e6 5. e3 Nbd7 6. Be2 Bd6 7. h3 Bxf3 8.
Nxf3 O-O 9. O-O c5 10. b3 Ne4 11. dxc5 Ndxc5 12. Bb2 Rc8 13. Rc1 Nd7 14. Bb5
Ndf6 15. Be2 Qa5 16. a4 Nxc3 17. Bxc3 Qd8 18. Bxf6 1-0

[Event "AUTO-ADV-2946"]
[Site "http://www.queenalice.com/game.php?id=1213268"]
[Date "2013.8.31"]
[Round "1"]
[White "nic92n"]
[Black "Lopesq"]
[Result "0-1"]
[WhiteElo "1784"]
[BlackElo "1658"]

1. e4 d5 2. exd5 Qxd5 3. Nc3 Qe5+ 4. Nge2 c6 5. g3 Bg4 6. Bg2 Bxe2 7. Nxe2 e6 8.
O-O Nf6 9. d3 Be7 10. Rb1 Nbd7 11. Bf4 Qh5 12. a3 O-O 13. b4 e5 14. Be3 Ng4 15.
h3 Nxe3 16. fxe3 Nf6 17. a4 Rfd8 18. b5 c5 19. g4 Qg6 20. Bxb7 Rab8 21. Bg2 e4
22. Nf4 Qg5 23. Qe2 exd3 24. cxd3 Rb6 25. Bc6 Nd5 26. Nxd5 Rxd5 27. Bxd5 Qxd5
28. e4 Qd4+ 29. Kh1 Qxa4 30. Ra1 Qxb5 31. Rxa7 Rb7 32. Rfa1 Rxa7 33. Rxa7 Qb1+
34. Kg2 Bf8 35. Qf3 Qb2+ 36. Qf2 Qb6 37. Ra8 Qd6 0-1

[Event "AUTO-ADV-2946"]
[Site "http://www.queenalice.com/game.php?id=1213281"]
[Date "2013.8.31"]
[Round "1"]
[White "thw"]
[Black "nic92n"]
[Result "0-1"]
[WhiteElo "1945"]
[BlackElo "1823"]

1. e4 d6 2. d4 Nf6 3. Bd3 e5 4. Nf3 Nbd7 5. Be3 Be7 6. Nbd2 Ng4 7. Qe2 Nxe3 8.
Qxe3 O-O 9. dxe5 dxe5 10. O-O-O f6 11. h3 Nc5 12. Ne1 Be6 13. Kb1 Qd7 14. f4
Rad8 15. f5 Bf7 16. g4 Nxd3 17. Nxd3 Qb5 18. h4 Rd4 19. g5 Ba3 20. Nb3 Bxb3 21.
axb3 Be7 22. gxf6 Rxf6 23. h5 Ra6 24. Kc1 h6 25. Kb1 Qa5 26. c3 Bg5 27. Qg3 Rxe4
28. Rhe1 Bh4 0-1

[Event "AUTO-ADV-2946"]
[Site "http://www.queenalice.com/game.php?id=1213282"]
[Date "2013.8.31"]
[Round "1"]
[White "nic92n"]
[Black "thw"]
[Result "1-0"]
[WhiteElo "1844"]
[BlackElo "1924"]

1. e4 c5 2. Nf3 d6 3. d4 cxd4 4. Nxd4 Nf6 5. Nc3 a6 6. Be3 Nc6 7. f3 g6 8. Qd2
Bg7 9. O-O-O O-O 10. h4 Nxd4 11. Bxd4 b5 12. Be3 Bb7 13. Bh6 Qa5 14. h5 b4 15.
Bxg7 Kxg7 16. Nd5 Qxa2 17. Qe3 Qa1+ 18. Kd2 Qxb2 19. hxg6 h5 20. Nxf6 exf6 21.
Rxh5 Qc3+ 22. Qxc3 bxc3+ 23. Kxc3 Kxg6 24. g4 Rac8+ 25. Kb2 Rh8 26. Rf5 Rh1 27.
Rxd6 Rxf1 28. Rdxf6+ Kg7 29. Rxf7+ 1-0

[Event "AUTO-ADV-2946"]
[Site "http://www.queenalice.com/game.php?id=1213291"]
[Date "2013.8.31"]
[Round "1"]
[White "nic92n"]
[Black "allgambits"]
[Result "1-0"]
[WhiteElo "1805"]
[BlackElo "1859"]

1. e4 e5 2. f4 Nc6 3. Nf3 Qf6 4. Nc3 d6 5. Bb5 Bd7 6. Nd5 Qd8 7. d3 Nf6 8. c4
Nxd5 9. cxd5 Ne7 10. Bxd7+ Qxd7 11. f5 O-O-O 12. Be3 b6 13. Ng5 Ng8 14. O-O f6
15. Ne6 Re8 16. Rc1 Rxe6 17. fxe6 Qe7 18. Qa4 Kb8 19. Rc6 Qd8 20. Rfc1 Ne7 21.
Rxc7 Qxc7 22. Rxc7 Kxc7 23. Qxa7+ Kd8 24. Qd7# 1-0

[Event "AUTO-ADV-2946"]
[Site "http://www.queenalice.com/game.php?id=1213292"]
[Date "2013.8.31"]
[Round "1"]
[White "allgambits"]
[Black "nic92n"]
[Result "1-0"]
[WhiteElo "1828"]
[BlackElo "1831"]

1. d4 d5 2. c4 c6 3. e3 Bf5 4. Nc3 Nf6 5. Nf3 e6 6. cxd5 cxd5 7. Bd3 Bxd3 8.
Qxd3 Nc6 9. Qb5 Qc7 10. O-O a6 11. Qb3 Bd6 12. Ne2 O-O 13. Bd2 Ne4 14. g3 Rac8
15. Nc3 Na5 16. Qd1 Nc4 17. Nxe4 Nxb2 18. Qb3 Nc4 19. Nxd6 Nxd6 20. Bb4 Rfd8 21.
Rac1 Qb6 22. Bxd6 Qxd6 23. Qxb7 Rb8 24. Qa7 Rd7 25. Qc5 1-0